| 000 | 00483nam a2200241Ia 4500 | ||
|---|---|---|---|
| 003 | IT-RoPAU | ||
| 008 | 120407s9999 xx 000 0 und d | ||
| 040 | _aIT-RoPAU | ||
| 040 | _cIT-RoPAU | ||
| 041 | _afra | ||
| 100 | _aRoberto Schwarz | ||
| 245 | _aBrézil | ||
| 250 | _aParis | ||
| 260 | _aGallimard | ||
| 260 | _c1987 | ||
| 300 | _a190 p. | ||
| 300 | _c21 cm | ||
| 490 | _aLes temps modernes | ||
| 490 | _v491 | ||
| 710 | _aetc. | ||
| 942 | _cBK | ||
| 999 |
_c27837 _d27837 |
||